| 000 | 00649nam a22002057a 4500 | ||
|---|---|---|---|
| 999 |
_c6722 _d6722 |
||
| 001 | 9207 | ||
| 003 | BD-DhUAP | ||
| 005 | 20210106123733.0 | ||
| 008 | 200129s2003 bg a b 000 0 eng | ||
| 040 |
_aDLC _cDLC _bEng _dBD-DhUAP |
||
| 082 |
_223 _a338.95492 HAS |
||
| 100 | _aHassan, M. Kabir. | ||
| 245 |
_aThe Bangladesh economy in the 21st century / _cM. Kabir Hassan. |
||
| 260 |
_aDhaka : _bPublic relations Dept., _c2003. |
||
| 300 |
_a320 pages : _billustrations ; _c23 cm. |
||
| 504 | _aIncludes bibliographical references. | ||
| 651 | 0 |
_aBangladesh _xEconomic conditions _y21st century. |
|
| 710 | _aIslami Bank Bangladesh. | ||
| 942 |
_2ddc _cBK |
||